[Event "Sardinia World Open A"]
[Site "Orosei ITA"]
[Date "2025.04.27"]
[Round "1.1"]
[White "Gut, Lionel"]
[Black "Dardha, Daniel"]
[Result "0-1"]
[BlackTitle "GM"]
[WhiteElo "2177"]
[BlackElo "2650"]
[WhiteFideId "1339966"]
[BlackFideId "240990"]
[EventDate "2025.04.27"]

1. d4 e6 2. c4 b6 3. a3 Bb7 4. Nc3 Nf6 5. d5 Na6 6. g3 Nc5 7. Bg2 a5 8. Nh3 exd5
9. cxd5 Bd6 10. O-O Be5 11. Be3 O-O 12. Nf4 Re8 13. Qc2 d6 14. Rad1 a4 15. Nd3
Bxc3 16. Nxc5 bxc5 17. bxc3 Ba6 18. c4 Nd7 19. Bf4 Nb6 20. Be4 Rxe4 21. Qxe4
Bxc4 22. Rd2 Qd7 23. Rc1 Re8 24. Qf3 f5 25. Rb1 h6 26. h4 Re4 27. h5 Nxd5 28.
Rb8+ Kh7 29. Rb7 Qe6 30. e3 Bb3 31. Qe2 Rc4 32. Kh2 Rc1 33. Qf3 Bc4 34. Ra7 Nf6
35. Rd1 Bd5 36. Rxd5 Qxd5 37. Qxd5 Nxd5 38. e4 Nxf4 39. gxf4 fxe4 40. Rxc7 d5 0-1

[Event "Sardinia World Open A"]
[Site "Orosei ITA"]
[Date "2025.04.27"]
[Round "1.2"]
[White "Mendonca, Leon Luke"]
[Black "Sitbon, Itay"]
[Result "1-0"]
[WhiteTitle "GM"]
[WhiteElo "2643"]
[BlackElo "2177"]
[WhiteFideId "35028561"]
[BlackFideId "2820706"]
[EventDate "2025.04.27"]

1. c4 Nf6 2. Nf3 e6 3. b3 c5 4. Bb2 Nc6 5. g3 Be7 6. Bg2 O-O 7. O-O d5 8. e3 b6
9. Nc3 Bb7 10. cxd5 Nxd5 11. Nxd5 Qxd5 12. d4 Rad8 13. Ne5 Qd6 14. dxc5 Qxc5 15.
Qe2 Nxe5 16. Bxb7 Nd3 17. Bd4 Qc7 18. Be4 Nc5 19. Rac1 Qd6 20. Bg2 e5 21. Bxc5
bxc5 22. Rfd1 Qe6 23. Qb5 g6 24. Qb7 a6 25. Bd5 Qf6 26. Bc4 Rb8 27. Qc7 Rfd8 28.
a4 Kg7 29. Qa5 Rd6 30. Bd5 Rdb6 31. Rd3 h5 32. Rcd1 Rd8 33. Bc4 Rdd6 34. Rxd6
Rxd6 35. Rxd6 Qxd6 36. Qxa6 Qd1+ 37. Kg2 e4 38. Qb7 Qf3+ 39. Kg1 Bd8 40. Qb5
Qd1+ 41. Bf1 Qd6 42. a5 h4 43. a6 Bb6 44. Qe8 f5 45. Kg2 Qf8 46. Qxf8+ Kxf8 47.
gxh4 Ke7 48. Be2 Kf6 49. h5 gxh5 50. Bxh5 Kg5 51. Be8 Kh4 52. Bd7 Kg5 53. h4+
Kf6 54. h5 Kg5 55. h6 1-0

[Event "Sardinia World Open A"]
[Site "Orosei ITA"]
[Date "2025.04.27"]
[Round "1.3"]
[White "Panjer, Sidney"]
[Black "Narayanan, S.L."]
[Result "1/2-1/2"]
[BlackTitle "GM"]
[WhiteElo "2172"]
[BlackElo "2601"]
[WhiteFideId "16207041"]
[BlackFideId "5058422"]
[EventDate "2025.04.27"]

1. d4 d5 2. c4 e6 3. Nf3 Nd7 4. e3 Ngf6 5. Be2 dxc4 6. Bxc4 a6 7. O-O b5 8. Be2
Bb7 9. b3 Be7 10. Bb2 O-O 11. Nbd2 c5 12. Rc1 Rc8 13. dxc5 Nxc5 14. Rc2 Qd5 15.
Qb1 Bd6 16. Rfc1 Rcd8 17. Qa1 Be7 18. Bd4 Ncd7 19. Bf1 Qh5 20. Rc7 Bxf3 21. Nxf3
e5 22. Nxe5 Bd6 23. Nf3 Bxc7 24. Rxc7 Rc8 25. Ra7 Rc6 26. a4 Rfc8 27. axb5 axb5
28. Bxf6 Nxf6 29. Nd4 Rc5 30. b4 Rd5 31. Qa6 Rf8 32. Bxb5 Ne4 33. Be2 Qg5 34.
Bf3 Re5 35. Qd3 Nd6 36. Nc6 Re6 37. Ra5 Qf6 38. Nd4 Ree8 39. Ra6 Rd8 40. b5 1/2-1/2

[Event "Sardinia World Open A"]
[Site "Orosei ITA"]
[Date "2025.04.27"]
[Round "1.4"]
[White "Yoo, Christopher Woojin"]
[Black "Gagliardi, Cristian"]
[Result "1-0"]
[WhiteTitle "GM"]
[WhiteElo "2588"]
[BlackElo "2165"]
[WhiteFideId "30909694"]
[BlackFideId "810665"]
[EventDate "2025.04.27"]

1. e4 d5 2. exd5 Qxd5 3. Nc3 Qa5 4. d4 Nf6 5. Nf3 Bf5 6. Ne5 c6 7. Bc4 e6 8. g4
Bg6 9. h4 Nbd7 10. Nxd7 Nxd7 11. h5 Be4 12. O-O Bd5 13. Nxd5 cxd5 14. Bd3 Bd6
15. Qf3 Qd8 16. g5 h6 17. Re1 Qe7 18. Qg4 O-O-O 19. g6 f5 20. Qh3 Qf6 21. Bd2
Kb8 22. Re2 Rhe8 23. Rae1 Re7 24. c3 Rde8 25. f3 a6 26. Be3 Ka8 27. Bf2 Bf4 28.
Bh4 Bg5 29. Bg3 f4 30. Bf2 Nb8 31. b4 Nd7 32. a4 Nb6 33. a5 Nc8 34. b5 Ka7 35.
bxa6 bxa6 36. Rb1 Rb7 37. Rxb7+ Kxb7 38. Rb2+ Ka7 39. Bxa6 Nd6 40. Rb6 Qe7 41.
Bd3 Rb8 42. Ra6+ Kb7 43. Qf1 Kc8 44. Qe2 Rb7 45. Ra8+ Kd7 46. a6 Rc7 47. Bb5+
Nxb5 48. Qxb5+ Kd6 49. Rb8 1-0

[Event "Sardinia World Open A"]
[Site "Orosei ITA"]
[Date "2025.04.27"]
[Round "1.5"]
[White "Montorsi, Matteo"]
[Black "Sonis, Francesco"]
[Result "0-1"]
[BlackTitle "GM"]
[WhiteElo "2159"]
[BlackElo "2576"]
[WhiteFideId "2826491"]
[BlackFideId "895733"]
[EventDate "2025.04.27"]

1. e4 c5 2. Nc3 Nc6 3. g3 g6 4. Bg2 Bg7 5. d3 Rb8 6. Be3 d6 7. Nge2 b5 8. Qd2 b4
9. Nd1 h5 10. h3 e6 11. O-O Nge7 12. a3 b3 13. c3 a5 14. f4 Qb6 15. Nf2 Ba6 16.
Rfe1 a4 17. Rad1 Nd4 18. cxd4 cxd4 19. Bxd4 Bxd4 20. Nxd4 Qxd4 21. Rc1 Kd7 22.
Qc3 Qxc3 23. Rxc3 Rhc8 24. Rec1 Rxc3 25. Rxc3 Nc6 26. Nd1 h4 27. Bf1 hxg3 28.
Kg2 f5 29. Ne3 Nd4 30. exf5 gxf5 31. Kxg3 d5 32. Kf2 Kd6 33. Rc1 Rh8 34. Nd1 Nc2
35. Ne3 Rc8 36. Be2 d4 37. Ng2 Nxa3 38. Ra1 Rc2 39. Ne1 Rxb2 40. Rxa3 Bb5 41.
Ra1 Bc6 42. h4 Rd2 43. h5 b2 44. Rb1 Ke7 45. Nf3 Bxf3 46. Kxf3 Kf7 47. Rg1 Rc2 0-1

[Event "Sardinia World Open A"]
[Site "Orosei ITA"]
[Date "2025.04.27"]
[Round "1.6"]
[White "Samunenkov, Ihor"]
[Black "Beliman, Alexandro"]
[Result "1/2-1/2"]
[WhiteTitle "GM"]
[WhiteElo "2572"]
[BlackElo "2152"]
[WhiteFideId "14187086"]
[BlackFideId "28512413"]
[EventDate "2025.04.27"]

1. d4 Nf6 2. c4 c6 3. Nf3 d5 4. g3 Bg4 5. Ne5 Bf5 6. cxd5 cxd5 7. Nc3 Nc6 8. f3
g6 9. g4 Be6 10. Bf4 Bg7 11. e3 O-O 12. Bd3 Nd7 13. Nxd7 Bxd7 14. Bb5 a6 15. Ba4
b5 16. Bb3 e6 17. Ne2 Qe7 18. Rc1 e5 19. dxe5 Nxe5 20. Nc3 d4 21. Nd5 Qd8 22. e4
Be6 23. O-O Nc4 24. Bxc4 bxc4 25. Rxc4 Bxd5 26. exd5 Qxd5 27. Qd3 h5 28. h3 Rac8
29. Rfc1 Rxc4 30. Rxc4 Re8 31. a4 h4 32. Kg2 Qe6 33. Rc2 Bf6 34. b4 Qb6 35. b5
axb5 36. Qxb5 Qe6 37. a5 Rd8 38. Qb6 d3 39. Qxe6 fxe6 40. Ra2 Bc3 41. Bd2 Bxd2
42. Rxd2 Ra8 43. Rxd3 Rxa5 44. Rd7 g5 45. Re7 Re5 46. Kf2 Kf8 47. Rh7 Kg8 48.
Rh5 Ra5 49. f4 Ra2+ 50. Kf3 Ra3+ 51. Ke4 Ra4+ 52. Kf3 1/2-1/2

[Event "Sardinia World Open A"]
[Site "Orosei ITA"]
[Date "2025.04.27"]
[Round "1.7"]
[White "Rosh, Jain"]
[Black "Lodici, Lorenzo"]
[Result "1/2-1/2"]
[WhiteTitle "FM"]
[BlackTitle "GM"]
[WhiteElo "2150"]
[BlackElo "2570"]
[WhiteFideId "25789465"]
[BlackFideId "884189"]
[EventDate "2025.04.27"]

1. e4 e5 2. Nf3 Nc6 3. Bb5 a6 4. Ba4 Nf6 5. O-O d6 6. Re1 Bd7 7. c3 g6 8. d4 Bg7
9. Bc2 O-O 10. h3 a5 11. Nbd2 a4 12. Nf1 b5 13. Ne3 exd4 14. Nxd4 Nxd4 15. cxd4
Re8 16. Nf1 b4 17. Ng3 Bb5 18. Bg5 h6 19. Be3 Nd7 20. Bd3 Qb8 21. Qe2 Bxd3 22.
Qxd3 c5 23. f4 b3 24. a3 cxd4 25. Bxd4 Bxd4+ 26. Qxd4 Qb6 27. Rad1 Rac8 28. Re2
Rc6 29. Kh2 Qxd4 30. Rxd4 Nb6 31. Rb4 Ra8 32. Nf1 d5 33. exd5 Nxd5 34. Rd4 Nb6
35. Rb4 Ra5 36. Ne3 Rac5 37. Kg1 Rc1+ 38. Kf2 Rb1 39. Rd4 Kg7 40. Kf3 h5 41. Kf2
h4 42. Red2 Rbc1 43. Re2 f5 44. Kf3 Kf7 45. Rb4 Rd6 46. Kf2 Rc7 47. Rxb6 Rxb6
48. Nd5 Rbc6 49. Nxc7 Rxc7 50. g3 hxg3+ 51. Kxg3 Rd7 52. Kf3 Rd1 53. Re5 Rd3+
54. Re3 Rd2 55. Re2 Rc2 56. Ke3 Rc1 57. Kf3 Rb1 58. Rd2 Ke6 59. Kg3 Re1 60. Rd4
Re3+ 61. Kg2 Re2+ 62. Kg3 Rxb2 63. Rxa4 Ra2 64. Kh4 Kd5 65. Kg5 Ra1 66. Rb4 Rxa3
67. Kxg6 Kc5 68. Rb8 Ra6+ 69. Kxf5 Rb6 70. Rc8+ Kd4 71. Rc1 b2 72. Rb1 Kc3 73.
Ke5 Kc2 74. Rxb2+ Rxb2 75. f5 Kd3 76. f6 1/2-1/2

[Event "Sardinia World Open A"]
[Site "Orosei ITA"]
[Date "2025.04.27"]
[Round "1.8"]
[White "Amar, Elham"]
[Black "Gut, Raphael"]
[Result "1-0"]
[WhiteTitle "GM"]
[WhiteElo "2546"]
[BlackElo "2150"]
[WhiteFideId "1533533"]
[BlackFideId "1339974"]
[EventDate "2025.04.27"]

1. e4 c5 2. Nf3 d6 3. d4 cxd4 4. Nxd4 Nf6 5. Nc3 a6 6. Be3 e5 7. Nb3 Be7 8. h3
O-O 9. Qd2 Be6 10. O-O-O b5 11. f4 Nbd7 12. g4 b4 13. Nd5 Nxe4 14. Nxe7+ Qxe7
15. Qxb4 Ng3 16. Rg1 Nxf1 17. Rgxf1 Qh4 18. Rf3 a5 19. Qxd6 a4 20. Bf2 Qh6 21.
Nd2 exf4 22. Qxf4 Qg6 23. a3 Rac8 24. Qxa4 Ne5 25. Rc3 Rxc3 26. bxc3 h5 27. Bd4
Nd7 28. Qc6 hxg4 29. hxg4 Nb8 30. Qe4 Qg5 31. Rh1 Rd8 32. Rh5 Qxg4 33. Qh1 Kf8
34. Bc5+ Ke8 35. Rh8+ 1-0

[Event "Sardinia World Open A"]
[Site "Orosei ITA"]
[Date "2025.04.27"]
[Round "1.9"]
[White "Markuszewski, Maksymilian"]
[Black "Sokolovsky, Yahli"]
[Result "0-1"]
[BlackTitle "GM"]
[WhiteElo "2147"]
[BlackElo "2546"]
[WhiteFideId "651018306"]
[BlackFideId "2820242"]
[EventDate "2025.04.27"]

1. d4 d5 2. c4 c6 3. Nc3 Nf6 4. e3 e6 5. Nf3 Nbd7 6. Be2 Bd6 7. O-O O-O 8. b3
Ne4 9. Bb2 f5 10. Rc1 Qe7 11. Bd3 g5 12. Ne2 Qg7 13. Rc2 g4 14. Nd2 Ndf6 15. Qc1
Rf7 16. Nf4 Bd7 17. Be2 Qh6 18. g3 Rg7 19. a4 Kh8 20. a5 a6 21. Ba3 Bc7 22. b4
Rg5 23. Nb3 Rag8 24. cxd5 Bxf4 25. exf4 Rh5 26. h4 Rxh4 27. gxh4 g3 28. f3 Qxh4
29. Bd3 Nf2 30. Rfxf2 gxf2+ 31. Kf1 Rg1+ 32. Ke2 Qh2 0-1

[Event "Sardinia World Open A"]
[Site "Orosei ITA"]
[Date "2025.04.27"]
[Round "1.10"]
[White "Moroni, Luca Jr"]
[Black "Voiteanu, Gabriel"]
[Result "1-0"]
[WhiteTitle "GM"]
[BlackTitle "FM"]
[WhiteElo "2545"]
[BlackElo "2143"]
[WhiteFideId "865834"]
[BlackFideId "1208810"]
[EventDate "2025.04.27"]

1. c4 e6 2. Nf3 Nf6 3. b3 d5 4. e3 Be7 5. Bb2 O-O 6. Nc3 c5 7. cxd5 Nxd5 8. Qc2
Nc6 9. a3 Nxc3 10. Bxc3 b6 11. h4 Bf6 12. Bd3 h6 13. Bh7+ Kh8 14. Be4 Bb7 15.
Ng5 Bxg5 16. hxg5 Qxg5 17. f4 Qg3+ 18. Kf1 f6 19. Qd1 f5 20. Rxh6+ Kg8 21. Rh3
Qg6 22. Bf3 Nd8 23. Kf2 e5 24. Bxb7 Nxb7 25. Rg3 Qe6 26. Bxe5 Rf6 27. Qf3 Rd8 1-0

[Event "Sardinia World Open A"]
[Site "Orosei ITA"]
[Date "2025.04.27"]
[Round "1.11"]
[White "Hentrich, Johannes"]
[Black "Stocek, Jiri"]
[Result "1/2-1/2"]
[BlackTitle "GM"]
[WhiteElo "2134"]
[BlackElo "2492"]
[WhiteFideId "24614661"]
[BlackFideId "304760"]
[EventDate "2025.04.27"]

1. e4 c5 2. Nf3 d6 3. d4 cxd4 4. Nxd4 Nf6 5. Nc3 Nc6 6. Bg5 Qb6 7. Nb3 e6 8. Qd2
a6 9. Be2 Qc7 10. O-O-O b5 11. f3 Rb8 12. Nd4 Ne5 13. f4 b4 14. Ncb5 axb5 15.
Bxf6 Nc4 16. Bxc4 bxc4 17. Bh4 Qa5 18. c3 bxc3 19. Qxc3 Qa4 20. Qa3 Qxa3 21.
bxa3 d5 22. Nc2 Bd6 23. Rhf1 Bb7 24. exd5 exd5 25. Be1 Kd7 26. Bc3 f6 27. g3 Bc5
28. Bb4 Bxb4 29. axb4 Rhe8 30. Rfe1 Rxe1 31. Rxe1 Bc6 32. Kd2 Ra8 33. Kc3 Rxa2
34. Rc1 Kd6 35. Ra1 Rxa1 36. Nxa1 Ba4 37. Kd4 Kc6 38. g4 g5 39. f5 h6 40. h3 Bd1
41. b5+ Kxb5 42. Kxd5 Kb4 43. Ke6 Kc3 44. Kxf6 Kb2 45. Ke5 c3 46. Kd4 Ba4 47.
Kc4 Be8 48. Kd3 Bd7 49. Kc4 Ba4 50. Kd3 Be8 51. Kc4 h5 52. Kd3 hxg4 53. hxg4 Bd7
54. Kc4 Ba4 55. f6 Be8 56. Kd3 Bf7 57. Kd4 Bg6 58. Kc4 c2 59. Nxc2 Kxc2 60. Kd4
Kd2 61. Ke5 Ke3 62. f7 Bxf7 63. Kf5 Be8 1/2-1/2

[Event "Sardinia World Open A"]
[Site "Orosei ITA"]
[Date "2025.04.27"]
[Round "1.12"]
[White "Raja, Harshit"]
[Black "Marzano, Carlo"]
[Result "1-0"]
[WhiteTitle "GM"]
[WhiteElo "2474"]
[BlackElo "2131"]
[WhiteFideId "5089000"]
[BlackFideId "802980"]
[EventDate "2025.04.27"]

1. e4 c6 2. Nf3 d5 3. Nc3 dxe4 4. Nxe4 Nf6 5. Qe2 Nxe4 6. Qxe4 Qd5 7. Qf4 Qf5 8.
Qe3 Qe6 9. b3 Qxe3+ 10. fxe3 a5 11. Bb2 a4 12. O-O-O Bf5 13. Rg1 h5 14. Re1 e6
15. Kb1 Nd7 16. e4 Bh7 17. Bc4 axb3 18. axb3 Nb6 19. Bd3 Rd8 20. h3 Nd7 21. Bf1
Nf6 22. d3 Bc5 23. Rh1 Bf2 24. Re2 Bg3 25. h4 O-O 26. Ng5 Ng4 27. Rh3 Be5 28.
Bxe5 Nxe5 29. Rg3 Ng4 30. Re1 e5 31. Be2 Nf6 32. Nxh7 Kxh7 33. Rg5 Rde8 34. Rf1
Re6 35. Bxh5 Nxh5 36. Rxh5+ Kg8 37. Rhf5 f6 38. g4 Kf7 39. g5 Rh8 40. gxf6 g6
41. R5f2 Rxh4 42. Kb2 Rh6 43. Kc3 g5 44. Rg2 Rexf6 45. Rfg1 Rhg6 46. Rxg5 Rxg5
47. Rxg5 Ke6 48. Kc4 b6 49. b4 Rf2 50. c3 Rb2 51. Rg6+ Kd7 52. Rf6 Rb1 53. Rh6
Rb2 54. d4 exd4 55. Kxd4 Rd2+ 56. Ke5 b5 57. Rh7+ Kc8 58. Ke6 Rd3 59. e5 Rxc3
60. Kd6 Rc4 61. e6 Rxb4 62. e7 Rd4+ 63. Ke5 Rd5+ 64. Ke4 1-0

[Event "Sardinia World Open A"]
[Site "Orosei ITA"]
[Date "2025.04.27"]
[Round "1.13"]
[White "Di Fonzo, Valerio"]
[Black "Knaak, Rainer"]
[Result "0-1"]
[WhiteTitle "CM"]
[BlackTitle "GM"]
[WhiteElo "2123"]
[BlackElo "2472"]
[WhiteFideId "803499"]
[BlackFideId "4611250"]
[EventDate "2025.04.27"]

1. e4 e6 2. d4 d5 3. Nc3 Nf6 4. Bg5 dxe4 5. Nxe4 Be7 6. Bxf6 gxf6 7. Nf3 a6 8.
g3 Nc6 9. Bg2 e5 10. dxe5 Qxd1+ 11. Rxd1 Nxe5 12. Nxe5 fxe5 13. O-O O-O 14. Nc3
c6 15. Ne4 Bg4 16. f3 Be6 17. b3 Rad8 18. c4 f5 19. Bh3 Kf7 20. Nf2 Bc5 21. Kg2
Rxd1 22. Rxd1 Kf6 23. Kf1 h5 24. Ke2 a5 25. Nd3 Bd4 26. a4 b5 27. axb5 cxb5 28.
Nf4 bxc4 29. Nxe6 Kxe6 30. bxc4 a4 31. Rd3 Ra8 32. Ra3 Bb2 33. Ra2 a3 34. Kd3
Rd8+ 35. Kc2 Rd4 36. Bf1 e4 37. fxe4 fxe4 38. Rxb2 axb2 39. Kxb2 Rd1 40. Bh3+
Ke5 41. Kc2 Rh1 42. Kc3 Rxh2 43. Bf1 Rf2 0-1

[Event "Sardinia World Open A"]
[Site "Orosei ITA"]
[Date "2025.04.27"]
[Round "1.14"]
[White "Martinovici, Ilia"]
[Black "Ciobanu, Camelia-Adriana"]
[Result "1-0"]
[WhiteTitle "IM"]
[BlackTitle "WIM"]
[WhiteElo "2459"]
[BlackElo "2115"]
[WhiteFideId "13907034"]
[BlackFideId "1209477"]
[EventDate "2025.04.27"]

1. e4 g6 2. d4 Bg7 3. c4 c5 4. d5 b5 5. cxb5 d6 6. Nc3 Nf6 7. Nf3 O-O 8. h3 h6
9. Be3 a6 10. Nd2 Nbd7 11. Qc2 Kh7 12. Be2 axb5 13. Bxb5 Ba6 14. O-O e6 15. Bxa6
Rxa6 16. Nc4 exd5 17. exd5 Nb6 18. Nxb6 Qxb6 19. Rab1 Qb7 20. Rfd1 Re8 21. a4
Rb6 22. b3 Re5 23. Qd3 Rxb3 24. a5 Rb4 25. Bf4 Rf5 26. Bxd6 Nxd5 27. Rxb4 Nxb4
28. Qe4 Qa7 29. g4 Rf6 30. Qc4 Qxa5 31. Ne4 Rf3 32. Kg2 Qa4 33. Rb1 Rc3 34. Nxc3
Bxc3 35. Qxc3 Qc6+ 36. Qf3 Qxd6 37. Qxf7+ Kh8 38. Kg1 Nc2 39. Qa7 Nb4 40. Re1
Qc6 41. Qf7 1-0

[Event "Sardinia World Open A"]
[Site "Orosei ITA"]
[Date "2025.04.27"]
[Round "1.15"]
[White "Fulgentini, Edoardo"]
[Black "Admiraal, Miguoel"]
[Result "0-1"]
[BlackTitle "IM"]
[WhiteElo "2113"]
[BlackElo "2454"]
[WhiteFideId "28557050"]
[BlackFideId "1019716"]
[EventDate "2025.04.27"]

1. d4 d5 2. c4 e6 3. Nc3 Nf6 4. cxd5 exd5 5. Bg5 c6 6. e3 Bd6 7. Bd3 O-O 8. Nf3
Re8 9. O-O Bg4 10. Qc2 h6 11. Bh4 Nbd7 12. Rfe1 Nf8 13. Bg3 Bxf3 14. gxf3 Ne6
15. f4 g5 16. fxg5 Nxg5 17. Qd1 Qd7 18. Bf1 Kh8 19. Bg2 Rg8 20. Ne2 Nh3+ 21. Kf1
Qf5 22. Nf4 Nxf4 23. exf4 Ne4 24. Bxe4 dxe4 25. d5 c5 26. b4 Rae8 27. bxc5 Bxc5
28. Rc1 Qh3+ 29. Ke2 Bb6 30. Rb1 Rxg3 31. hxg3 Qh5+ 32. Kd2 Qxd5+ 33. Kc3 Rc8+
34. Kb2 Bd4+ 35. Ka3 Rc3+ 0-1

[Event "Sardinia World Open A"]
[Site "Orosei ITA"]
[Date "2025.04.27"]
[Round "1.16"]
[White "Travadon, Loic"]
[Black "Pecci, William"]
[Result "1-0"]
[WhiteTitle "IM"]
[WhiteElo "2451"]
[BlackElo "2105"]
[WhiteFideId "26092131"]
[BlackFideId "2831940"]
[EventDate "2025.04.27"]

1. Nf3 d5 2. g3 c6 3. Bg2 Bg4 4. h3 Bh5 5. O-O Nd7 6. d4 e6 7. c4 Ngf6 8. cxd5
exd5 9. Nh4 Bg6 10. Nc3 Be7 11. g4 O-O 12. f3 Nb6 13. Nxg6 hxg6 14. e4 dxe4 15.
fxe4 Qd7 16. Be3 c5 17. dxc5 Nc4 18. Bf2 Qxd1 19. Raxd1 Nxb2 20. e5 Nxd1 21.
Rxd1 Nh7 22. Bxb7 Ng5 23. Kg2 Ne6 24. Bxa8 Rxa8 25. c6 Rc8 26. Nd5 Kf8 27. Rc1
Ke8 28. Bxa7 Ba3 29. Rc2 Bc5 30. Rxc5 Nxc5 31. Bxc5 Rxc6 32. Bf2 Rc4 33. Kf3 Ra4
34. Nc3 Ra3 35. Bd4 Kd7 36. Ke4 Ke6 37. g5 Ra8 38. a4 Rh8 39. Nd5 Rh4+ 40. Nf4+
Kd7 41. a5 Kc6 42. a6 f6 43. exf6 gxf6 44. Bxf6 Kb6 45. Kf3 Kxa6 46. Kg3 Rh7 47.
Nxg6 1-0

[Event "Sardinia World Open A"]
[Site "Orosei ITA"]
[Date "2025.04.27"]
[Round "1.17"]
[White "Berikkyzy Alanna"]
[Black "Lumachi, Gabriele"]
[Result "1-0"]
[WhiteTitle "WFM"]
[BlackTitle "IM"]
[WhiteElo "2103"]
[BlackElo "2443"]
[WhiteFideId "13780719"]
[BlackFideId "2817247"]
[EventDate "2025.04.27"]

1. e4 c6 2. Nf3 d5 3. Nc3 dxe4 4. Nxe4 Nf6 5. Qe2 Na6 6. d3 Bg4 7. h3 Bxf3 8.
Qxf3 Nb4 9. Qe2 e5 10. c3 Nxe4 11. dxe4 Na6 12. Qh5 Bd6 13. Bxa6 bxa6 14. O-O
O-O 15. Be3 a5 16. Qe2 Qc7 17. Rad1 Rfe8 18. Rd2 Re6 19. Rfd1 h6 20. Qa6 Rae8
21. Qxa7 Qxa7 22. Bxa7 Bf8 23. Rd7 a4 24. c4 a3 25. b3 Bb4 26. Rb7 Rd6 27. Rxd6
Bxd6 28. c5 Bf8 29. Bb6 Re7 30. Rxe7 Bxe7 31. Kf1 g6 32. Ke2 f5 33. f3 Kf7 34.
Kd3 Kf6 35. b4 1-0

[Event "Sardinia World Open A"]
[Site "Orosei ITA"]
[Date "2025.04.27"]
[Round "1.18"]
[White "Panjwani, Raja"]
[Black "Federer, Colin"]
[Result "1-0"]
[WhiteTitle "IM"]
[WhiteElo "2443"]
[BlackElo "2103"]
[WhiteFideId "2604493"]
[BlackFideId "1345117"]
[EventDate "2025.04.27"]

1. e4 c5 2. Nf3 d6 3. Bb5+ Nd7 4. O-O a6 5. Be2 Ngf6 6. d3 e6 7. a4 Be7 8. Nfd2
O-O 9. f4 b6 10. Bf3 Bb7 11. g4 Ne8 12. Qe2 d5 13. exd5 Bxd5 14. Ne4 Qc7 15.
Nbc3 Bc6 16. Qg2 Rc8 17. f5 b5 18. axb5 axb5 19. Ng5 Bxg5 20. Bxg5 Bxf3 21. Qxf3
Ne5 22. Qg3 f6 23. Be3 exf5 24. gxf5 Nd6 25. b4 Qd7 26. Bxc5 Nxf5 27. Qf4 Nd6
28. Ra6 Rc6 29. Ra7 Rc7 30. Rxc7 Qxc7 31. Qd4 Nef7 32. Re1 Re8 33. Rxe8+ Nxe8
34. Nxb5 Qc6 35. Nc3 Nc7 36. Qe4 Qd7 37. Be3 h6 38. Bf4 Ne6 39. Bg3 Nfg5 40. Qd5
Qa7+ 41. Kg2 Qe3 42. Nd1 Qd2+ 43. Nf2 Qxb4 44. h4 Qd4 45. Qa8+ Kh7 46. hxg5 Nxg5
47. Ne4 f5 48. Nxg5+ hxg5 49. Qf3 Kg6 50. Qc6+ Kh7 51. Qe6 Qc5 52. c4 f4 53. Bf2
Qf8 54. Qg4 Qd6 55. c5 Qxd3 56. Qh3+ 1-0

[Event "Sardinia World Open A"]
[Site "Orosei ITA"]
[Date "2025.04.27"]
[Round "1.19"]
[White "Ravi Krishna G"]
[Black "Vagman, Roy"]
[Result "0-1"]
[BlackTitle "FM"]
[WhiteElo "2100"]
[BlackElo "2437"]
[WhiteFideId "25707817"]
[BlackFideId "2828995"]
[EventDate "2025.04.27"]

1. d4 Nf6 2. c4 e6 3. Nc3 Bb4 4. e3 O-O 5. Bd2 b6 6. Nf3 Bb7 7. Bd3 c5 8. a3
Bxc3 9. Bxc3 cxd4 10. exd4 d5 11. b3 Nbd7 12. O-O Ne4 13. Bb2 Rc8 14. Rc1 dxc4
15. bxc4 Ng5 16. Ne1 f5 17. f3 Qf6 18. Qe2 Qg6 19. Kh1 Nf6 20. Rc3 Rcd8 21. Bc1
Rxd4 22. Bxg5 Qxg5 23. Qxe6+ Kh8 24. Qxf5 Qh6 25. Qe5 Rf4 26. Kg1 Re8 27. Qc7
Ba8 28. Nc2 Qg5 29. Ne1 Rd4 30. Bb1 Rd2 31. Qg3 Qc5+ 32. Kh1 Rd1 33. Be4 Bxe4 0-1

[Event "Sardinia World Open A"]
[Site "Orosei ITA"]
[Date "2025.04.27"]
[Round "1.20"]
[White "Fromm, Marius"]
[Black "Costantino, Claudio Emanuele"]
[Result "1-0"]
[WhiteTitle "IM"]
[WhiteElo "2436"]
[BlackElo "2096"]
[WhiteFideId "12993190"]
[BlackFideId "28505697"]
[EventDate "2025.04.27"]

1. e4 c5 2. Nf3 e6 3. d3 Nc6 4. g3 Nf6 5. Bg2 e5 6. O-O Be7 7. b3 O-O 8. Bb2 d6
9. Nbd2 Rb8 10. a4 a6 11. Nc4 b5 12. axb5 axb5 13. Ne3 Re8 14. Nh4 Nd4 15. b4
Bb7 16. f4 exf4 17. Nef5 Nxf5 18. Nxf5 d5 19. e5 Nd7 20. Qg4 g6 21. Nh6+ Kg7 22.
Nxf7 Kxf7 23. e6+ Kg8 24. exd7 Rf8 25. Qe6+ Rf7 26. Rxf4 Qf8 27. Raf1 1-0

[Event "Sardinia World Open A"]
[Site "Orosei ITA"]
[Date "2025.04.27"]
[Round "1.21"]
[White "Floris, Federico"]
[Black "Favaloro, Andrea"]
[Result "0-1"]
[BlackTitle "IM"]
[WhiteElo "2096"]
[BlackElo "2422"]
[WhiteFideId "898287"]
[BlackFideId "885940"]
[EventDate "2025.04.27"]

1. e4 e5 2. Nf3 Nc6 3. Bc4 Bc5 4. c3 Nf6 5. d4 exd4 6. e5 d5 7. Bb5 Ne4 8. cxd4
Bb6 9. Nc3 O-O 10. Be3 Bg4 11. h3 Bh5 12. Qc2 Nb4 13. Qa4 c6 14. Be2 Na6 15. O-O
Nc7 16. Qc2 f5 17. exf6 Nxf6 18. Ne5 Ne6 19. Rad1 Bxe2 20. Qxe2 Nd7 21. Qg4 Nxe5
22. Qxe6+ Nf7 23. Bf4 Re8 24. Qf5 Qe7 25. a3 Nd6 26. Qc2 Nc4 27. Bc1 Qf6 28. Qd3
Re6 29. Na4 Rae8 30. Nxb6 axb6 31. b3 Nd6 32. Bd2 Re4 33. Bc3 Nf5 34. Qd2 Nh4
35. Qd3 Qg5 36. Qg3 Qxg3 37. fxg3 Re3 38. Rde1 Nf5 39. Rxe3 Rxe3 40. Bb4 Ne7 41.
Kf2 Re4 42. Re1 Rxe1 43. Bxe1 Nf5 44. Bc3 Kf7 45. g4 Nd6 46. Kf3 Ke6 47. a4 Ne4
48. Be1 c5 49. Ke3 cxd4+ 50. Kxd4 Nc5 51. Kc3 Ke5 52. Bh4 Ke4 53. Bf2 Nd7 54.
Bg1 g6 55. Bf2 b5 56. a5 Ne5 57. Bc5 Nc6 58. b4 d4+ 59. Kd2 Kd5 60. Kd3 Ne5+ 61.
Kd2 Kc4 0-1

[Event "Sardinia World Open A"]
[Site "Orosei ITA"]
[Date "2025.04.27"]
[Round "1.22"]
[White "Van der Lende, Ilias"]
[Black "Hu, Jiani"]
[Result "1-0"]
[WhiteTitle "IM"]
[BlackTitle "WFM"]
[WhiteElo "2410"]
[BlackElo "2091"]
[WhiteFideId "1019260"]
[BlackFideId "8610312"]
[EventDate "2025.04.27"]

1. d4 d5 2. Nf3 Nf6 3. g3 e6 4. c4 c5 5. cxd5 exd5 6. Bg2 Nc6 7. O-O Be7 8. dxc5
Bxc5 9. a3 O-O 10. b4 Be7 11. Nc3 Bg4 12. Qd3 g6 13. Rd1 Rc8 14. Bh6 Re8 15.
Rac1 a5 16. b5 Bxf3 17. Qxf3 Ne5 18. Qf4 Bxa3 19. Rc2 Neg4 20. Bh3 Rc4 21. Qxc4
dxc4 22. Rxd8 Rxd8 23. Bf4 h5 24. Bc7 Re8 25. Bxa5 Bc5 26. Nd1 b6 27. Be1 Ra8
28. Rc1 Ra2 29. Bf1 Ne4 30. h3 Ne5 31. Nc3 Nxc3 32. Bxc3 f6 33. Bxe5 fxe5 34. e3
Kg7 35. Bxc4 Rb2 36. Rd1 Rc2 37. Bd3 Rb2 38. h4 Kf6 39. Bf1 g5 40. hxg5+ Kxg5
41. Rd5 Kf6 42. Rd8 Kg5 43. Rg8+ Kf6 44. Bd3 e4 45. Bxe4 Rxb5 46. Rg6+ Ke7 47.
Rh6 Rb4 48. Bd3 Rb3 49. Be2 Rb2 50. Kf1 Rb1+ 51. Kg2 Rb2 52. Kf3 b5 53. Rxh5 Kd6
54. g4 b4 55. g5 Rb1 56. Kg2 Rb2 57. g6 Ke7 58. g7 Kf7 59. Rg5 1-0